000
00484nam a2200145Ia 4500
008
100122s9999 xx 000 0 und d
082
_b
42330
_a
823
100
_a
राजपूत रघुवीरसिंह
245
_a
महाराणी पद्मिनी
260
_b
साकेत प्रकाशन
_c
1988
300
_a
154
630
_a
महाराणी पद्मिनी
730
_a
महाराणी पद्मिनी
942
_c
BOOK
999
_c
422752
_d
422749